000
00315pam a2200133 a 4500
020
_c
041
_h
082
_a
743.6
_b
DES
100
_a
Milind Paranjpe.
245
_a
Chitre Rangawa Pranyachi
_h
Textual Documents
260
_a
[s.l]:
_b
Jyotsna Prakashan Pune,
_c
2014.
300
_a
15:
_b
paper.
930
_a
7348
999
_c
241138
_d
241138